00590 a2200205 4500630006300000037001000063650002800073100002000101260006200121245008000183300001000263650002500273260000900298300001000307100000700317440001700324037001100341440001400352020001800366 a62 - Ingenierie. Art de lingenieur. Technologie en general b1, LP a6 - SCIENCES APPLIQUEES aLibman, Jacques bInstitut National des Sciences et Techniques Nucléaires aApproche et analyse de la sûreté des réacteurs à eau sous pression a205p. aPhysique nucléaire c1988 b24 cm lFr aEnseignement aS 7097 x0767-8282 a2-7272-0137-0